[Event "1SM"]
[Site "Sharjah Chess Club"]
[Date "2017.03.24"]
[Round "2.33"]
[White "Hesham, Abdelrahman"]
[Black "Santos Latasa, Jaime"]
[Result "0-1"]
[BlackElo "2565"]
[WhiteElo "2336"]
[LiveChessVersion "1.4.8"]

1. d4 {[%clk 1:40:57]} Nf6 {[%clk 1:40:54]} 2. c4 {[%clk 1:41:22]} e6
{[%clk 1:41:21]} 3. Nf3 {[%clk 1:41:44]} d5 {[%clk 1:41:47]} 4. Bg5
{[%clk 1:34:41]} h6 {[%clk 1:39:29]} 5. Bxf6 {[%clk 1:32:57]} Qxf6
{[%clk 1:39:33]} 6. Nc3 {[%clk 1:24:52]} c6 {[%clk 1:39:28]} 7. e3
{[%clk 1:25:17]} g6 {[%clk 1:39:47]} 8. Rc1 {[%clk 1:25:28]} Qd8 {[%clk 1:39:27]}
9. Bd3 {[%clk 1:21:12]} Bg7 {[%clk 1:39:04]} 10. O-O {[%clk 1:21:33]} O-O
{[%clk 1:39:30]} 11. b4 {[%clk 1:18:00]} Nd7 {[%clk 1:32:34]} 12. cxd5
{[%clk 1:16:40]} cxd5 {[%clk 1:31:15]} 13. a4 {[%clk 1:09:52]} a5
{[%clk 1:29:18]} 14. Qb3 {[%clk 1:08:32]} axb4 {[%clk 1:27:26]} 15. Qxb4
{[%clk 1:08:54]} Nb8 {[%clk 1:27:49]} 16. Rb1 {[%clk 1:06:45]} Nc6
{[%clk 1:25:58]} 17. Qb6 {[%clk 1:06:34]} Qxb6 {[%clk 1:22:45]} 18. Rxb6
{[%clk 1:06:55]} Bf6 {[%clk 1:23:10]} 19. Rc1 {[%clk 1:02:15]} g5
{[%clk 1:18:36]} 20. h3 {[%clk 1:01:39]} Kg7 {[%clk 1:16:53]} 21. Rbb1
{[%clk 0:56:01]} Rd8 {[%clk 1:14:23]} 22. Bb5 {[%clk 0:54:42]} Bd7
{[%clk 1:14:17]} 23. Ne1 {[%clk 0:52:01]} Be7 {[%clk 1:09:55]} 24. Nd3
{[%clk 0:51:32]} Bd6 {[%clk 1:04:30]} 25. Ne2 {[%clk 0:46:01]} Na5
{[%clk 1:03:36]} 26. Bxd7 {[%clk 0:45:15]} Rxd7 {[%clk 1:03:25]} 27. Nc5
{[%clk 0:45:30]} Rc7 {[%clk 1:00:50]} 28. Rb5 {[%clk 0:45:11]} Ra7
{[%clk 0:58:51]} 29. Nc3 {[%clk 0:33:53]} Nc4 {[%clk 0:57:02]} 30. e4
{[%clk 0:31:36]} b6 {[%clk 0:47:29]} 31. Nd3 {[%clk 0:19:21]} Ba3
{[%clk 0:46:27]} 32. Ra1 {[%clk 0:17:40]} dxe4 {[%clk 0:46:28]} 33. Nxe4
{[%clk 0:17:52]} Rxa4 {[%clk 0:46:20]} 34. d5 {[%clk 0:17:19]} Rd7
{[%clk 0:40:27]} 35. Nc3 {[%clk 0:12:46]} Ra5 {[%clk 0:40:48]} 36. Ne5
{[%clk 0:10:54]} Nxe5 {[%clk 0:38:32]} 37. Rxa5 {[%clk 0:10:30]} bxa5
{[%clk 0:31:17]} 38. Rxa3 {[%clk 0:09:44]} Nc4 {[%clk 0:28:01]} 39. dxe6
{[%clk 0:10:01]} fxe6 {[%clk 0:28:19]} 40. Ra4 {[%clk 0:10:09]} Rc7
{[%clk 0:28:30]} 41. Nb5 {[%clk 0:08:30]} Rc5 {[%clk 0:28:44]} 42. Nd4
{[%clk 0:08:41]} Kf6 {[%clk 0:29:07]} 43. Kf1 {[%clk 0:06:03]} Nb6
{[%clk 0:28:58]} 44. Ra3 {[%clk 0:05:24]} a4 {[%clk 0:28:46]} 45. Re3
{[%clk 0:05:25]} e5 {[%clk 0:28:38]} 46. Rf3+ {[%clk 0:05:26]} Ke7
{[%clk 0:28:14]} 47. Nf5+ {[%clk 0:05:28]} Ke6 {[%clk 0:28:24]} 48. Nxh6
{[%clk 0:05:52]} Nc4 {[%clk 0:28:30]} 49. Rd3 {[%clk 0:04:52]} a3
{[%clk 0:28:48]} 50. Rd1 {[%clk 0:05:12]} a2 {[%clk 0:28:59]} 51. Ra1
{[%clk 0:05:32]} Nd2+ {[%clk 0:29:21]} 52. Ke1 {[%clk 0:05:55]} Rc2
{[%clk 0:29:46]} 53. Kd1 {[%clk 0:06:04]} Rb2 {[%clk 0:30:11]} 0-1

[Event "1SM"]
[Site "Sharjah Chess Club"]
[Date "2017.03.24"]
[Round "2.34"]
[White "Gomes, Mary Ann"]
[Black "Schroeder, Jan-Christian"]
[Result "0-1"]
[BlackElo "2543"]
[WhiteElo "2316"]
[LiveChessVersion "1.4.8"]

1. Nf3 {[%clk 1:40:41]} d5 {[%clk 1:40:55]} 2. g3 {[%clk 1:41:03]} g6
{[%clk 1:41:20]} 3. Bg2 {[%clk 1:41:13]} Bg7 {[%clk 1:41:43]} 4. c4
{[%clk 1:41:28]} dxc4 {[%clk 1:41:57]} 5. Qa4+ {[%clk 1:36:09]} Nc6
{[%clk 1:42:12]} 6. Nc3 {[%clk 1:36:08]} e5 {[%clk 1:39:50]} 7. h4
{[%clk 1:28:53]} Nge7 {[%clk 1:35:36]} 8. h5 {[%clk 1:26:08]} O-O
{[%clk 1:33:12]} 9. hxg6 {[%clk 1:24:17]} hxg6 {[%clk 1:33:18]} 10. Qxc4
{[%clk 1:23:44]} Nd4 {[%clk 1:17:20]} 11. Nxd4 {[%clk 1:17:44]} exd4
{[%clk 1:17:37]} 12. Ne4 {[%clk 1:11:02]} Be6 {[%clk 1:16:51]} 13. Qc2
{[%clk 0:58:18]} Bd5 {[%clk 1:13:30]} 14. Kf1 {[%clk 0:58:30]} f5
{[%clk 1:08:19]} 15. Ng5 {[%clk 0:50:14]} Bxg2+ {[%clk 1:08:00]} 16. Kxg2
{[%clk 0:50:37]} Qd5+ {[%clk 1:08:23]} 17. Nf3 {[%clk 0:46:18]} g5
{[%clk 0:56:06]} 18. Qb3 {[%clk 0:46:37]} g4 {[%clk 0:54:54]} 19. Qxd5+
{[%clk 0:46:46]} Nxd5 {[%clk 0:55:22]} 20. Ne1 {[%clk 0:40:56]} f4
{[%clk 0:47:51]} 21. Rh4 {[%clk 0:36:39]} Rae8 {[%clk 0:39:30]} 22. Rxg4
{[%clk 0:36:46]} Rxe2 {[%clk 0:28:27]} 23. Nf3 {[%clk 0:28:22]} fxg3
{[%clk 0:24:51]} 24. Rxg3 {[%clk 0:28:38]} d3 {[%clk 0:24:36]} 25. Rb1
{[%clk 0:24:55]} Nf4+ {[%clk 0:20:32]} 26. Kf1 {[%clk 0:24:31]} Nh5
{[%clk 0:16:41]} 27. Rh3 {[%clk 0:24:54]} Bd4 {[%clk 0:14:53]} 0-1

[Event "1SM"]
[Site "Sharjah Chess Club"]
[Date "2017.03.24"]
[Round "2.35"]
[White "Stany, G.A."]
[Black "Sankalp, Gupta"]
[Result "1-0"]
[BlackElo "2265"]
[WhiteElo "2495"]
[LiveChessVersion "1.4.8"]

1. e4 {[%clk 1:40:49]} e6 {[%clk 1:40:12]} 2. d4 {[%clk 1:41:14]} d5
{[%clk 1:40:28]} 3. Nd2 {[%clk 1:41:30]} Be7 {[%clk 1:40:55]} 4. e5
{[%clk 1:41:52]} c5 {[%clk 1:40:51]} 5. c3 {[%clk 1:42:11]} Nc6 {[%clk 1:40:55]}
6. Bd3 {[%clk 1:42:33]} Qb6 {[%clk 1:34:02]} 7. Ndf3 {[%clk 1:42:44]} cxd4
{[%clk 1:17:17]} 8. cxd4 {[%clk 1:42:36]} f5 {[%clk 1:06:25]} 9. Ne2
{[%clk 1:40:29]} Nh6 {[%clk 1:05:24]} 10. O-O {[%clk 1:23:01]} Nf7
{[%clk 1:05:04]} 11. h4 {[%clk 1:23:22]} Bd7 {[%clk 1:00:24]} 12. a3
{[%clk 1:20:14]} O-O {[%clk 0:57:34]} 13. b4 {[%clk 1:06:38]} Rac8
{[%clk 0:54:42]} 14. Rb1 {[%clk 0:52:59]} Qd8 {[%clk 0:35:06]} 15. g3
{[%clk 0:52:23]} Qe8 {[%clk 0:31:54]} 16. Kg2 {[%clk 0:45:31]} a6
{[%clk 0:31:28]} 17. Nf4 {[%clk 0:35:32]} Nfd8 {[%clk 0:29:00]} 18. Bc2
{[%clk 0:17:44]} Na7 {[%clk 0:28:56]} 19. a4 {[%clk 0:14:43]} Rc4
{[%clk 0:18:08]} 20. Bd2 {[%clk 0:08:39]} Nac6 {[%clk 0:15:28]} 21. Bd3
{[%clk 0:04:30]} Nxd4 {[%clk 0:06:57]} 22. Bxc4 {[%clk 0:04:45]} Nxf3
{[%clk 0:07:25]} 23. Nxd5 {[%clk 0:01:15]} Nxe5 {[%clk 0:03:10]} 24. Nxe7+
{[%clk 0:01:37]} Qxe7 {[%clk 0:03:37]} 25. Be2 {[%clk 0:01:39]} Ndf7
{[%clk 0:00:56]} 26. b5 {[%clk 0:01:55]} Rd8 {[%clk 0:00:56]} 27. Ba5
{[%clk 0:01:24]} Bc6+ {[%clk 0:00:33]} 28. bxc6 {[%clk 0:01:42]} Rxd1
{[%clk 0:01:02]} 29. cxb7 {[%clk 0:01:45]} Rxb1 {[%clk 0:01:00]} 30. Rxb1
{[%clk 0:02:06]} Nc6 {[%clk 0:01:07]} 31. b8=Q+ {[%clk 0:02:28]} Nxb8
{[%clk 0:01:34]} 32. Rxb8+ {[%clk 0:02:52]} Nd8 {[%clk 0:02:00]} 33. Rxd8+
{[%clk 0:01:20]} Kf7 {[%clk 0:02:29]} 34. Bxa6 {[%clk 0:00:42]} Qa7
{[%clk 0:00:37]} 35. Rd6 {[%clk 0:01:06]} Qc5 {[%clk 0:00:56]} 36. Rd7+
{[%clk 0:01:30]} Kg6 {[%clk 0:01:12]} 37. Bb5 {[%clk 0:01:36]} f4
{[%clk 0:00:34]} 38. Bd2 {[%clk 0:00:56]} fxg3 {[%clk 0:00:33]} 39. fxg3
{[%clk 0:00:36]} e5 {[%clk 0:01:01]} 40. Bg5 {[%clk 0:00:42]} e4 {[%clk 0:01:05]}
41. Rd2 {[%clk 0:00:47]} h6 {[%clk 0:00:42]} 42. Bf4 {[%clk 0:01:02]} Kh7
{[%clk 0:00:39]} 43. Re2 {[%clk 0:01:00]} Qd5 {[%clk 0:00:47]} 44. Be3
{[%clk 0:00:59]} g5 {[%clk 0:00:34]} 45. hxg5 {[%clk 0:00:55]} hxg5
{[%clk 0:01:01]} 46. Rd2 {[%clk 0:01:10]} Qb3 {[%clk 0:01:08]} 47. Re2
{[%clk 0:00:37]} Qd5 {[%clk 0:01:33]} 48. Rb2 {[%clk 0:00:34]} Qe5
{[%clk 0:01:44]} 49. Rc2 {[%clk 0:00:48]} Qf5 {[%clk 0:01:23]} 50. Be2
{[%clk 0:01:10]} Qd5 {[%clk 0:01:22]} 51. Rc7+ {[%clk 0:01:29]} Kg6
{[%clk 0:01:29]} 52. Ra7 {[%clk 0:01:24]} Qa2 {[%clk 0:01:03]} 53. Kf2
{[%clk 0:01:50]} Qb2 {[%clk 0:00:54]} 54. Ra6+ {[%clk 0:02:06]} Kf5
{[%clk 0:00:45]} 55. Ra5+ {[%clk 0:01:43]} Ke6 {[%clk 0:01:13]} 56. Rxg5
{[%clk 0:01:25]} Qf6+ {[%clk 0:01:41]} 57. Kg2 {[%clk 0:01:49]} Qb2
{[%clk 0:02:07]} 58. Kf2 {[%clk 0:02:11]} Qf6+ {[%clk 0:02:35]} 59. Bf4
{[%clk 0:00:50]} Qd4+ {[%clk 0:02:58]} 60. Kg2 {[%clk 0:01:16]} Qxa4
{[%clk 0:03:11]} 61. Bg4+ {[%clk 0:01:15]} Kf6 {[%clk 0:03:05]} 62. Rf5+
{[%clk 0:01:35]} Kg6 {[%clk 0:03:20]} 63. Re5 {[%clk 0:02:00]} Kf6
{[%clk 0:02:46]} 64. Re6+ {[%clk 0:02:01]} Kf7 {[%clk 0:03:09]} 65. Bf5
{[%clk 0:01:36]} Qc2+ {[%clk 0:01:06]} 66. Kh3 {[%clk 0:01:52]} Qd1
{[%clk 0:00:50]} 67. Kh4 {[%clk 0:01:58]} Qd8+ {[%clk 0:00:34]} 68. Bg5
{[%clk 0:02:20]} Qh8+ {[%clk 0:00:32]} 69. Kg4 {[%clk 0:02:17]} Qd4
{[%clk 0:01:00]} 70. Re7+ {[%clk 0:01:45]} Kf8 {[%clk 0:01:17]} 71. Kh5
{[%clk 0:00:49]} Qh8+ {[%clk 0:01:03]} 72. Rh7 {[%clk 0:00:49]} Qe5
{[%clk 0:01:18]} 73. Kg6 {[%clk 0:00:58]} Qd6+ {[%clk 0:01:16]} 74. Kh5
{[%clk 0:00:57]} Qxg3 {[%clk 0:00:37]} 75. Rd7 {[%clk 0:01:20]} Ke8
{[%clk 0:00:34]} 76. Kg6 {[%clk 0:01:29]} Qb8 {[%clk 0:01:02]} 77. Re7+
{[%clk 0:01:51]} Qe5 {[%clk 0:00:22]} 1-0

[Event "1SM"]
[Site "Sharjah Chess Club"]
[Date "2017.03.25"]
[Round "3.1"]
[White "Wang, Hao"]
[Black "Sethuraman, S.P."]
[Result "1-0"]
[BlackElo "2629"]
[WhiteElo "2683"]
[LiveChessVersion "1.4.8"]

1. e4 {[%clk 1:40:55]} e5 {[%clk 1:40:38]} 2. Nf3 {[%clk 1:41:19]} Nc6
{[%clk 1:41:00]} 3. Bb5 {[%clk 1:41:46]} a6 {[%clk 1:41:22]} 4. Ba4
{[%clk 1:42:12]} Nf6 {[%clk 1:41:43]} 5. O-O {[%clk 1:42:37]} Be7
{[%clk 1:41:49]} 6. Re1 {[%clk 1:43:02]} b5 {[%clk 1:42:14]} 7. Bb3
{[%clk 1:43:29]} O-O {[%clk 1:42:37]} 8. a4 {[%clk 1:38:46]} Bb7 {[%clk 1:42:49]}
9. d3 {[%clk 1:38:20]} d5 {[%clk 1:43:12]} 10. exd5 {[%clk 1:33:06]} Nxd5
{[%clk 1:43:28]} 11. Nbd2 {[%clk 1:20:18]} f6 {[%clk 1:39:32]} 12. axb5
{[%clk 1:09:15]} axb5 {[%clk 1:39:47]} 13. Rxa8 {[%clk 1:09:41]} Bxa8
{[%clk 1:40:09]} 14. c4 {[%clk 1:10:03]} bxc4 {[%clk 1:39:43]} 15. Nxc4
{[%clk 1:10:17]} Kh8 {[%clk 1:30:45]} 16. d4 {[%clk 1:07:31]} Bb4
{[%clk 1:10:26]} 17. Re4 {[%clk 1:04:43]} Nde7 {[%clk 1:10:37]} 18. Rh4
{[%clk 0:57:13]} Nf5 {[%clk 1:07:54]} 19. Rh3 {[%clk 0:57:18]} Ncxd4
{[%clk 0:50:11]} 20. Nxd4 {[%clk 0:55:50]} exd4 {[%clk 0:50:33]} 21. Qg4
{[%clk 0:39:26]} Nh6 {[%clk 0:46:36]} 22. Bxh6 {[%clk 0:39:44]} gxh6
{[%clk 0:46:57]} 23. Rg3 {[%clk 0:40:09]} Rg8 {[%clk 0:41:05]} 24. Nd6
{[%clk 0:40:11]} 1-0

[Event "1SM"]
[Site "Sharjah Chess Club"]
[Date "2017.03.25"]
[Round "3.2"]
[White "Adhiban, B."]
[Black "Idani, Pouya"]
[Result "1-0"]
[BlackElo "2576"]
[WhiteElo "2682"]
[LiveChessVersion "1.4.8"]

1. e4 {[%clk 1:40:52]} c5 {[%clk 1:40:54]} 2. Nc3 {[%clk 1:41:18]} d6
{[%clk 1:41:20]} 3. f4 {[%clk 1:41:41]} g6 {[%clk 1:41:45]} 4. d4
{[%clk 1:42:05]} cxd4 {[%clk 1:36:43]} 5. Qxd4 {[%clk 1:42:33]} Nf6
{[%clk 1:37:03]} 6. Bd3 {[%clk 1:43:00]} Nc6 {[%clk 1:35:50]} 7. Qf2
{[%clk 1:43:22]} Bg7 {[%clk 1:35:27]} 8. Nf3 {[%clk 1:43:47]} Nb4
{[%clk 1:32:08]} 9. O-O {[%clk 1:42:02]} Nxd3 {[%clk 1:29:35]} 10. cxd3
{[%clk 1:42:31]} O-O {[%clk 1:27:28]} 11. Qh4 {[%clk 1:42:51]} b5
{[%clk 1:25:35]} 12. a3 {[%clk 1:35:14]} Bb7 {[%clk 1:15:54]} 13. f5
{[%clk 1:34:53]} b4 {[%clk 1:07:53]} 14. axb4 {[%clk 1:33:25]} Qb6+
{[%clk 1:08:16]} 15. Kh1 {[%clk 1:33:02]} Qxb4 {[%clk 1:07:17]} 16. Bd2
{[%clk 0:50:18]} Qb6 {[%clk 1:02:32]} 17. Ne2 {[%clk 0:48:50]} Rac8
{[%clk 0:56:16]} 18. Bc3 {[%clk 0:48:29]} h6 {[%clk 0:38:08]} 19. fxg6
{[%clk 0:34:56]} fxg6 {[%clk 0:38:29]} 20. Qg3 {[%clk 0:34:59]} Qe3
{[%clk 0:30:48]} 21. Qxg6 {[%clk 0:30:34]} Qxe2 {[%clk 0:27:43]} 22. Nd4
{[%clk 0:30:58]} Qg4 {[%clk 0:21:37]} 23. Rxf6 {[%clk 0:31:22]} Qxg6
{[%clk 0:22:04]} 24. Rxg6 {[%clk 0:31:49]} Kh7 {[%clk 0:22:00]} 25. Re6
{[%clk 0:24:20]} Rf7 {[%clk 0:19:09]} 26. Nf5 {[%clk 0:24:44]} Bf8
{[%clk 0:15:46]} 27. Rxa7 {[%clk 0:22:28]} Bd5 {[%clk 0:16:11]} 28. exd5
{[%clk 0:21:50]} Rxf5 {[%clk 0:16:36]} 29. h3 {[%clk 0:18:11]} Rxd5
{[%clk 0:17:01]} 30. Bf6 {[%clk 0:16:26]} Rc1+ {[%clk 0:16:19]} 31. Kh2
{[%clk 0:16:54]} Rf1 {[%clk 0:16:28]} 32. d4 {[%clk 0:15:26]} Rdf5
{[%clk 0:13:32]} 33. Bxe7 {[%clk 0:14:43]} Rf7 {[%clk 0:13:56]} 34. Bxf8
{[%clk 0:10:49]} Rxa7 {[%clk 0:14:14]} 35. Rxh6+ {[%clk 0:11:13]} Kg8
{[%clk 0:14:38]} 36. Bxd6 {[%clk 0:11:40]} Rf2 {[%clk 0:14:29]} 37. Be5
{[%clk 0:11:40]} Ra5 {[%clk 0:12:44]} 38. b4 {[%clk 0:08:52]} Rb5
{[%clk 0:12:15]} 39. Rh8+ {[%clk 0:09:14]} Kf7 {[%clk 0:12:41]} 40. Rb8
{[%clk 0:09:41]} Rxb8 {[%clk 0:12:28]} 41. Bxb8 {[%clk 0:10:10]} Ke6
{[%clk 0:12:50]} 42. Ba7 {[%clk 0:10:00]} Rf7 {[%clk 0:12:53]} 43. Bc5
{[%clk 0:10:19]} Kd5 1-0

[Event "1SM"]
[Site "Sharjah Chess Club"]
[Date "2017.03.25"]
[Round "3.3"]
[White "Jones, Gawain C B"]
[Black "Pichot, Alan"]
[Result "1-0"]
[BlackElo "2556"]
[WhiteElo "2676"]
[LiveChessVersion "1.4.8"]

1. e4 {[%clk 1:40:49]} c5 {[%clk 1:40:46]} 2. Nf3 {[%clk 1:41:11]} Nc6
{[%clk 1:40:56]} 3. c3 {[%clk 1:41:10]} d5 {[%clk 1:40:24]} 4. exd5
{[%clk 1:41:32]} Qxd5 {[%clk 1:40:47]} 5. d4 {[%clk 1:41:57]} Bf5
{[%clk 1:40:23]} 6. Be3 {[%clk 1:40:45]} Nf6 {[%clk 1:40:05]} 7. Qb3
{[%clk 1:32:00]} cxd4 {[%clk 1:30:26]} 8. Nxd4 {[%clk 1:23:17]} Nxd4
{[%clk 1:22:56]} 9. Bxd4 {[%clk 1:22:36]} a6 {[%clk 1:11:48]} 10. Nd2
{[%clk 1:21:25]} e6 {[%clk 1:10:32]} 11. Be2 {[%clk 1:19:22]} O-O-O
{[%clk 1:02:22]} 12. Nc4 {[%clk 1:08:40]} Bc5 {[%clk 0:45:02]} 13. O-O
{[%clk 1:06:05]} Be4 {[%clk 0:37:49]} 14. Rfd1 {[%clk 0:54:53]} Qg5
{[%clk 0:36:33]} 15. g3 {[%clk 0:54:06]} h5 {[%clk 0:22:14]} 16. Ne5
{[%clk 0:48:17]} h4 {[%clk 0:20:32]} 17. Nxf7 {[%clk 0:32:28]} hxg3
{[%clk 0:19:36]} 18. fxg3 {[%clk 0:32:40]} Qf5 {[%clk 0:18:06]} 19. Qc4
{[%clk 0:26:08]} Qh3 {[%clk 0:15:33]} 20. Qxc5+ {[%clk 0:26:08]} Bc6
{[%clk 0:15:59]} 21. Bf3 {[%clk 0:24:53]} Rd5 {[%clk 0:09:30]} 22. Bxd5
{[%clk 0:24:35]} Qxh2+ {[%clk 0:08:38]} 23. Kf1 {[%clk 0:25:00]} exd5
{[%clk 0:05:56]} 24. Nxh8 {[%clk 0:24:58]} Ne4 {[%clk 0:06:04]} 25. Qf8+
{[%clk 0:25:06]} Kd7 {[%clk 0:06:22]} 26. Qxg7+ {[%clk 0:24:12]} Kc8
{[%clk 0:05:32]} 27. Qg4+ {[%clk 0:22:26]} Kc7 {[%clk 0:05:06]} 28. Qf4+
{[%clk 0:20:10]} Kc8 {[%clk 0:05:02]} 29. Qf3 {[%clk 0:18:25]} Bb5+
{[%clk 0:03:13]} 30. Ke1 {[%clk 0:18:40]} Ng5 {[%clk 0:02:43]} 31. Qf5+
{[%clk 0:18:20]} Kc7 {[%clk 0:02:57]} 32. Be5+ {[%clk 0:18:31]} 1-0

[Event "1SM"]
[Site "Sharjah Chess Club"]
[Date "2017.03.25"]
[Round "3.4"]
[White "Fressinet, Laurent"]
[Black "Saeed, Ishaq"]
[Result "1-0"]
[BlackElo "2312"]
[WhiteElo "2662"]
[LiveChessVersion "1.4.8"]

1. e4 {[%clk 1:40:16]} e5 {[%clk 1:38:43]} 2. Nf3 {[%clk 1:40:19]} Nc6
{[%clk 1:38:43]} 3. Bc4 {[%clk 1:40:24]} Bc5 {[%clk 1:37:01]} 4. O-O
{[%clk 1:40:10]} Nf6 {[%clk 1:36:51]} 5. d3 {[%clk 1:40:13]} O-O {[%clk 1:36:22]}
6. a4 {[%clk 1:39:53]} a6 {[%clk 1:25:05]} 7. c3 {[%clk 1:39:06]} d6
{[%clk 1:22:27]} 8. Re1 {[%clk 1:37:31]} Ba7 {[%clk 1:18:28]} 9. h3
{[%clk 1:35:52]} Ne7 {[%clk 1:14:57]} 10. Nbd2 Ng6 {[%clk 1:14:24]} 11. d4
{[%clk 1:35:09]} exd4 {[%clk 0:57:27]} 12. cxd4 {[%clk 1:35:03]} d5
{[%clk 0:57:33]} 13. exd5 {[%clk 1:31:14]} Nxd5 {[%clk 0:37:18]} 14. Ne4
{[%clk 1:30:28]} c6 {[%clk 0:35:58]} 15. Bg5 {[%clk 1:26:14]} f6 {[%clk 0:24:24]}
16. Bd2 {[%clk 1:25:52]} Kh8 {[%clk 0:22:08]} 17. Qb3 {[%clk 1:20:49]} Ngf4
{[%clk 0:14:02]} 18. Nc5 {[%clk 1:13:00]} Rb8 {[%clk 0:10:10]} 19. Re4
{[%clk 1:03:09]} Qd6 {[%clk 0:05:11]} 20. Bxf4 {[%clk 0:58:38]} Nxf4
{[%clk 0:05:19]} 21. Qe3 {[%clk 0:58:38]} Ng6 {[%clk 0:02:33]} 22. Re8
{[%clk 0:53:04]} Bf5 {[%clk 0:02:18]} 23. Rxf8+ {[%clk 0:52:18]} Nxf8
{[%clk 0:02:13]} 24. Re1 {[%clk 0:48:45]} b5 {[%clk 0:00:17]} 25. axb5 cxb5 26.
Ba2 {[%clk 0:54:11]} a5 {[%clk 0:01:42]} 27. Nh4 {[%clk 0:50:38]} Bg6
{[%clk 0:00:56]} 28. Qb3 {[%clk 0:48:57]} Nd7 {[%clk 0:01:24]} 29. Nxg6+
{[%clk 0:48:04]} hxg6 {[%clk 0:01:53]} 30. Re4 {[%clk 0:47:58]} g5
{[%clk 0:02:08]} 31. Qf7 {[%clk 0:47:50]} 1-0

[Event "1SM"]
[Site "Sharjah Chess Club"]
[Date "2017.03.25"]
[Round "3.5"]
[White "Rathnakaran, K."]
[Black "Oleksiyenko, Mykhaylo"]
[Result "0-1"]
[BlackElo "2643"]
[WhiteElo "2383"]
[LiveChessVersion "1.4.8"]

1. e4 {[%clk 1:40:57]} e5 {[%clk 1:40:34]} 2. Nf3 {[%clk 1:41:21]} Nc6
{[%clk 1:40:57]} 3. Bb5 {[%clk 1:41:46]} a6 {[%clk 1:40:21]} 4. Ba4
{[%clk 1:42:11]} Nf6 {[%clk 1:40:44]} 5. Qe2 {[%clk 1:42:34]} b5 {[%clk 1:39:41]}
6. Bb3 {[%clk 1:42:57]} Bc5 {[%clk 1:40:07]} 7. c3 {[%clk 1:42:55]} O-O
{[%clk 1:39:15]} 8. h3 {[%clk 1:41:59]} Bb7 {[%clk 1:34:38]} 9. d3
{[%clk 1:41:10]} d5 {[%clk 1:34:58]} 10. Bg5 {[%clk 1:41:11]} dxe4
{[%clk 1:34:51]} 11. dxe4 {[%clk 1:41:29]} h6 {[%clk 1:35:14]} 12. Bh4
{[%clk 1:41:31]} Qd6 {[%clk 1:33:53]} 13. Nbd2 {[%clk 1:41:18]} Nh5
{[%clk 1:23:24]} 14. g3 {[%clk 1:38:10]} Bb6 {[%clk 1:18:18]} 15. Bd5
{[%clk 1:33:17]} Nd8 {[%clk 1:11:53]} 16. O-O-O {[%clk 1:28:46]} Bxd5
{[%clk 1:04:29]} 17. exd5 {[%clk 1:28:54]} Re8 {[%clk 1:04:57]} 18. Ne4
{[%clk 1:27:10]} Qd7 {[%clk 1:02:36]} 19. Nfd2 {[%clk 1:21:29]} Qf5
{[%clk 0:58:20]} 20. Qg4 {[%clk 1:16:15]} Qg6 {[%clk 0:58:06]} 21. Nf3
{[%clk 0:56:19]} Nb7 {[%clk 0:55:03]} 22. Rhe1 {[%clk 0:52:33]} Nd6
{[%clk 0:47:31]} 23. Rd2 {[%clk 0:50:03]} Kh7 {[%clk 0:42:49]} 24. Nxd6
{[%clk 0:41:47]} cxd6 {[%clk 0:43:11]} 25. Qd7 {[%clk 0:42:03]} Rec8
{[%clk 0:34:32]} 26. Be7 {[%clk 0:40:04]} Nf6 {[%clk 0:20:43]} 27. Qxd6
{[%clk 0:37:05]} Bc5 {[%clk 0:21:08]} 28. Qxe5 {[%clk 0:37:13]} Bxe7
{[%clk 0:21:29]} 29. Qxe7 {[%clk 0:37:34]} Re8 {[%clk 0:21:08]} 30. Qb4
{[%clk 0:33:16]} Rxe1+ {[%clk 0:18:48]} 31. Nxe1 Re8 32. Nc2 {[%clk 0:27:04]} Ne4
{[%clk 0:18:07]} 33. Qd4 {[%clk 0:21:43]} Nxd2 {[%clk 0:18:14]} 34. Kxd2
{[%clk 0:21:16]} Kg8 {[%clk 0:15:44]} 35. b3 {[%clk 0:18:04]} Qf5
{[%clk 0:15:59]} 36. g4 {[%clk 0:15:23]} Qf3 {[%clk 0:15:45]} 37. d6
{[%clk 0:12:35]} Re4 {[%clk 0:14:33]} 38. Qc5 {[%clk 0:09:45]} Re2+
{[%clk 0:12:48]} 39. Kc1 {[%clk 0:10:00]} Qh1+ {[%clk 0:09:44]} 40. Kb2
{[%clk 0:10:04]} Qe4 {[%clk 0:10:10]} 41. d7 {[%clk 0:06:11]} Qxc2+
{[%clk 0:09:29]} 42. Ka3 {[%clk 0:06:37]} Qxa2+ {[%clk 0:09:37]} 43. Kb4
{[%clk 0:07:00]} Re4+ {[%clk 0:10:05]} 0-1

[Event "1SM"]
[Site "Sharjah Chess Club"]
[Date "2017.03.25"]
[Round "3.6"]
[White "Siva, Mahadevan"]
[Black "Kravtsiv, Martyn"]
[Result "0-1"]
[BlackElo "2641"]
[WhiteElo "2363"]
[LiveChessVersion "1.4.8"]

1. e4 {[%clk 1:40:55]} e5 {[%clk 1:40:51]} 2. Nf3 {[%clk 1:41:17]} Nc6
{[%clk 1:41:11]} 3. d4 {[%clk 1:41:38]} exd4 {[%clk 1:41:34]} 4. Nxd4
{[%clk 1:41:59]} Nf6 {[%clk 1:41:11]} 5. Nxc6 {[%clk 1:42:17]} bxc6
{[%clk 1:41:35]} 6. e5 {[%clk 1:42:38]} Qe7 {[%clk 1:40:51]} 7. Qe2
{[%clk 1:42:59]} Nd5 {[%clk 1:40:49]} 8. c4 {[%clk 1:43:17]} Ba6 {[%clk 1:40:00]}
9. Nd2 {[%clk 1:43:22]} g6 {[%clk 1:37:54]} 10. Nf3 {[%clk 1:43:39]} Qb4+
{[%clk 1:35:15]} 11. Kd1 {[%clk 1:43:59]} Nb6 {[%clk 1:31:53]} 12. b3
{[%clk 1:44:04]} Bg7 {[%clk 1:30:54]} 13. Qd2 {[%clk 1:43:48]} Qxd2+
{[%clk 1:29:29]} 14. Bxd2 {[%clk 1:44:08]} O-O {[%clk 1:28:41]} 15. Kc2
{[%clk 1:42:26]} d5 {[%clk 1:13:42]} 16. cxd5 {[%clk 1:30:41]} Bxf1
{[%clk 1:14:06]} 17. Rhxf1 {[%clk 1:30:56]} cxd5 {[%clk 1:14:21]} 18. Rac1
{[%clk 1:28:15]} c5 {[%clk 1:12:07]} 19. Rfe1 {[%clk 1:05:39]} Rfe8
{[%clk 1:09:25]} 20. Kb1 {[%clk 0:55:50]} Nd7 {[%clk 0:56:17]} 21. Be3
{[%clk 0:51:50]} Bf8 {[%clk 0:51:52]} 22. Red1 {[%clk 0:29:16]} d4
{[%clk 0:51:46]} 23. Bf4 {[%clk 0:29:38]} h6 {[%clk 0:38:53]} 24. h3
{[%clk 0:24:49]} Re6 {[%clk 0:38:37]} 25. Ne1 {[%clk 0:20:05]} a5
{[%clk 0:30:11]} 26. a4 {[%clk 0:15:39]} g5 {[%clk 0:30:05]} 27. Bg3
{[%clk 0:15:35]} Rb8 {[%clk 0:29:46]} 28. Ka2 {[%clk 0:14:19]} Nb6
{[%clk 0:29:24]} 29. Nc2 {[%clk 0:11:19]} Nd5 {[%clk 0:24:53]} 30. Na3
{[%clk 0:11:20]} f6 {[%clk 0:14:46]} 31. Re1 {[%clk 0:07:38]} Nb4+
{[%clk 0:09:46]} 32. Kb1 {[%clk 0:07:33]} Nd3 {[%clk 0:09:50]} 33. Nb5
{[%clk 0:05:37]} fxe5 {[%clk 0:09:02]} 34. Rcd1 {[%clk 0:05:53]} Nxe1
{[%clk 0:09:25]} 35. Rxe1 {[%clk 0:06:05]} Rc8 {[%clk 0:07:23]} 36. f3
{[%clk 0:02:46]} c4 {[%clk 0:06:28]} 37. Nxd4 {[%clk 0:02:45]} exd4
{[%clk 0:06:00]} 38. Rxe6 {[%clk 0:03:09]} c3 {[%clk 0:06:28]} 39. Bd6
{[%clk 0:03:12]} c2+ {[%clk 0:05:28]} 40. Kc1 {[%clk 0:03:34]} d3
{[%clk 0:05:47]} 0-1